[Event "M.Chigorin Memorial 2017 "]
[Site "?????-?????????"]
[Date "2017.10.27"]
[Round "7"]
[Board "151"]
[White "Zakharov, Yuri"]
[Black "Ashid, Tsetsegulzii"]
[Result "0-1"]
[WhiteElo "1681"]
[BlackElo "1892"]
[PlyCount "76"]
[EventDate "2017.10.21"]
[EventRounds "9"]
[EventCountry "RUS"]

1. Nf3 d5 2. g3 Nf6 3. Bg2 c6 4. b3 Bf5 5. Bb2 h6 6. c4 e6 7. O-O Be7 8. d4
Nbd7 9. Nc3 O-O 10. Re1 a5 11. e3 Ne4 12. cxd5 exd5 13. Nxe4 Bxe4 14. Bh3 Bb4
15. Nd2 Bh7 16. a3 Bd6 17. Nf3 Re8 18. Nh4 Nf6 19. Nf3 Ne4 20. Ne5 Ng5 21. Bg2
f6 22. Nd3 Qb6 23. Rc1 Ne4 24. f3 Ng5 25. Nf4 Ne6 26. Nd3 Re7 27. Nf2 Rd8 28.
Kh1 Ng5 29. e4 dxe4 30. fxe4 Be5 31. Rc5 Red7 32. Qc1 Bxd4 33. Qc4+ Kh8 34.
Bxd4 Rxd4 35. Qc3 Rd2 36. Qe3 Ne6 37. Rd5 Qxe3 38. Rxd8+ Nxd8  0-1

[Event "M.Chigorin Memorial 2017 "]
[Site "?????-?????????"]
[Date "2017.10.27"]
[Round "7"]
[Board "152"]
[White "Shkuratov, Vladimir"]
[Black "Kobozev, Aleksandr"]
[Result "1/2-1/2"]
[WhiteElo "1887"]
[BlackElo "1554"]
[PlyCount "115"]
[EventDate "2017.10.21"]
[EventRounds "9"]
[EventCountry "RUS"]

1. e4 c5 2. Nf3 Nc6 3. d4 cxd4 4. Nxd4 e5 5. Nb5 a6 6. N5c3 Nf6 7. g3 Bc5 8.
Bg2 h6 9. O-O d6 10. Nd5 b5 11. a4 b4 12. h3 a5 13. Be3 Nd4 14. Nd2 Nxd5 15.
exd5 O-O 16. Ne4 Ba6 17. Re1 Bb6 18. c3 Nf5 19. Bxb6 Qxb6 20. Qg4 Bc8 21. Qf3
Ne7 22. Rad1 Ba6 23. cxb4 axb4 24. Qe3 Qxe3 25. Rxe3 Nf5 26. Ree1 Rfd8 27. Rc1
Nd4 28. Kh2 f5 29. Nd2 Rac8 30. b3 e4 31. g4 g6 32. gxf5 gxf5 33. h4 Rc3 34.
Bf1 Bxf1 35. Rxf1 Rdc8 36. Rb1 R8c5 37. Nc4 Rxd5 38. a5 Nxb3 39. a6 Rxc4 40.
Rxb3 Ra5 41. Rfb1 Rxa6 42. Rxb4 Rxb4 43. Rxb4 d5 44. Rd4 Rd6 45. Kg3 Kf7 46.
Kf4 Kf6 47. Rb4 d4 48. Rb2 d3 49. Rd2 Rd4 50. h5 Rc4 51. Ra2 Rc2 52. Ra6+ Kg7
53. Ke3 Re2+ 54. Kf4 Rxf2+ 55. Ke5 e3 56. Ra7+ Kf8 57. Ke6 e2 58. Ra8+  1/2-1/2

[Event "M.Chigorin Memorial 2017 "]
[Site "?????-?????????"]
[Date "2017.10.27"]
[Round "7"]
[Board "153"]
[White "Arbuzov, Timofey"]
[Black "Yakovlev, Yuri S."]
[Result "0-1"]
[WhiteElo "1658"]
[BlackElo "1876"]
[PlyCount "64"]
[EventDate "2017.10.21"]
[EventRounds "9"]
[EventCountry "RUS"]

1. e4 c5 2. Nf3 e6 3. d4 cxd4 4. Nxd4 a6 5. Bd3 b5 6. O-O Bb7 7. Re1 d6 8. a4
b4 9. Nd2 Nc6 10. Nxc6 Bxc6 11. Nc4 Nf6 12. Bg5 Be7 13. f4 d5 14. Ne5 Qb6+ 15.
Kh1 Nxe4 16. Bxe4 dxe4 17. Qh5 g6 18. Qh6 Bf8 19. Qh4 Bg7 20. Bf6 O-O 21. Be7
Rfe8 22. Nc4 Qb7 23. Bc5 Rad8 24. Nd6 Rxd6 25. Bxd6 e3 26. Qg3 Bxb2 27. Rab1
Bc3 28. Rxe3 Qd7 29. Rd3 Be4 30. Bxb4 Bxd3 31. Qxd3 Qxd3 32. cxd3 Rb8  0-1

[Event "M.Chigorin Memorial 2017 "]
[Site "?????-?????????"]
[Date "2017.10.27"]
[Round "7"]
[Board "154"]
[White "Chekletsova, Darya"]
[Black "Zyrjanow, Leonid"]
[Result "0-1"]
[WhiteElo "1636"]
[BlackElo "1873"]
[PlyCount "42"]
[EventDate "2017.10.21"]
[EventRounds "9"]
[EventCountry "RUS"]

1. d4 d5 2. c4 c6 3. cxd5 cxd5 4. Bf4 Nc6 5. Nf3 Nf6 6. h3 Qb6 7. b3 Bf5 8. e3
Nb4 9. Na3 a6 10. Nd2 Qa5 11. Qc1 Qxa3 12. Qc7 Nc2+ 13. Ke2 Nxa1 14. Qxb7 Rc8
15. g4 Bd7 16. Bg2 Nc2 17. Nb1 Qxa2 18. Kf3 h6 19. Bf1 Qxb1 20. Bb5 Qxh1+ 21.
Kg3 axb5  0-1

[Event "M.Chigorin Memorial 2017 "]
[Site "?????-?????????"]
[Date "2017.10.27"]
[Round "7"]
[Board "155"]
[White "Anant, Prabhudesai"]
[Black "Serov, Aleksandr"]
[Result "1-0"]
[WhiteElo "1869"]
[BlackElo "1456"]
[PlyCount "53"]
[EventDate "2017.10.21"]
[EventRounds "9"]
[EventCountry "RUS"]

1. Nf3 Nf6 2. g3 b6 3. Bg2 Bb7 4. O-O e6 5. c4 c5 6. Nc3 Be7 7. d4 cxd4 8. Qxd4
d6 9. Rd1 O-O 10. Bg5 Nbd7 11. Nb5 e5 12. Qh4 Qb8 13. Bh3 Rd8 14. Bxd7 Bxf3 15.
Bf5 Bxe2 16. Rd2 Bxc4 17. Bxf6 Bxf6 18. Qxc4 a6 19. Nc3 g6 20. Bh3 b5 21. Qc6
Ra7 22. Nd5 Bg7 23. Rc2 f5 24. Rac1 e4 25. b3 Bd4 26. Nf4 Re7 27. Qd5+  1-0

[Event "M.Chigorin Memorial 2017 "]
[Site "?????-?????????"]
[Date "2017.10.27"]
[Round "7"]
[Board "156"]
[White "Astakhov, Dmitrii"]
[Black "Lystsov, Leonid"]
[Result "0-1"]
[WhiteElo "1490"]
[BlackElo "1866"]
[PlyCount "56"]
[EventDate "2017.10.21"]
[EventRounds "9"]
[EventCountry "RUS"]

1. Nf3 g6 2. g3 Bg7 3. Bg2 d6 4. O-O e5 5. d3 f5 6. Nbd2 Nf6 7. e4 O-O 8. Re1
f4 9. d4 fxg3 10. fxg3 exd4 11. Nxd4 Ng4 12. N2f3 Nc6 13. Nxc6 bxc6 14. c3 Rb8
15. Bg5 Qe8 16. Qc2 h6 17. Bd2 g5 18. Nd4 Qh5 19. h3 Nf2 20. Rf1 Nxh3+ 21. Bxh3
Bxh3 22. Rxf8+ Rxf8 23. Qd3 Bxd4+ 24. cxd4 Rf3 25. Qc4+ d5 26. exd5 Rxg3+ 27.
Kh2 Qh4 28. d6+ Be6#  0-1

[Event "M.Chigorin Memorial 2017 "]
[Site "?????-?????????"]
[Date "2017.10.27"]
[Round "7"]
[Board "157"]
[White "Pankova, Julia"]
[Black "Lazhevskaya, Zhanni"]
[Result "0-1"]
[WhiteElo "1785"]
[BlackElo "2086"]
[PlyCount "72"]
[EventDate "2017.10.21"]
[EventRounds "9"]
[EventCountry "RUS"]

1. e4 e5 2. Nf3 Nc6 3. Bb5 Bc5 4. O-O Nd4 5. Nxd4 Bxd4 6. c3 Bb6 7. d4 c6 8.
Ba4 d6 9. Na3 Nf6 10. Bg5 h6 11. Bxf6 Qxf6 12. d5 Bd7 13. Nc4 Bc7 14. Qd3 O-O
15. Ne3 Qg6 16. Rad1 Rad8 17. b4 Qg5 18. dxc6 bxc6 19. b5 cxb5 20. Bxb5 Bxb5
21. Qxb5 Bb6 22. Nf5 Bc5 23. Rd3 Rb8 24. Qa4 Rb2 25. Qd1 Qf4 26. Rf3 Qxe4 27.
Qc1 Qc2 28. Nxh6+ Kh7 29. Nf5 Qxc1 30. Rxc1 Rxa2 31. Ne7 g6 32. Nd5 Kg7 33. g4
Rb8 34. h4 Rbb2 35. Rf1 e4 36. Rf4 e3  0-1

[Event "M.Chigorin Memorial 2017 "]
[Site "?????-?????????"]
[Date "2017.10.27"]
[Round "7"]
[Board "158"]
[White "Shmoilov, Dmitry"]
[Black "Protasova, Anastasia"]
[Result "0-1"]
[WhiteElo "1962"]
[BlackElo "1780"]
[PlyCount "92"]
[EventDate "2017.10.21"]
[EventRounds "9"]
[EventCountry "RUS"]

1. d4 Nf6 2. c4 e6 3. g3 d5 4. Nf3 Be7 5. Bg2 O-O 6. O-O Nbd7 7. Qc2 c6 8. Nbd2
b6 9. b3 Ba6 10. a4 c5 11. Bb2 Rc8 12. e3 Bb7 13. Rfd1 Qc7 14. Rac1 Qb8 15. Qb1
dxc4 16. bxc4 Qa8 17. Ne1 Rfd8 18. Ba3 Nf8 19. Ndf3 Ng6 20. Bb2 Ne4 21. Ne5
cxd4 22. Nxg6 hxg6 23. exd4 Ng5 24. Bf1 Nf3+ 25. Nxf3 Bxf3 26. Re1 Bg5 27. Rcd1
Bxd1 28. Qxd1 Bf6 29. Qg4 Qc6 30. a5 bxa5 31. c5 Qd5 32. Re4 Qb3 33. Qe2 Rb8
34. Bc1 Bxd4 35. c6 Bb6 36. Bf4 Rbc8 37. Rc4 Rd1 38. Kg2 Qb1 39. h4 a4 40. Bd2
a3 41. Bc3 Rd5 42. Kh2 a2 43. Bh3 Kh8 44. Bxe6 fxe6 45. Qxe6 Qf5 46. Qe7 Qxf2+
 0-1

[Event "M.Chigorin Memorial 2017 "]
[Site "?????-?????????"]
[Date "2017.10.27"]
[Round "7"]
[Board "159"]
[White "Klevets, Ksenia"]
[Black "Bushueva, Tatjana"]
[Result "1-0"]
[WhiteElo "1948"]
[BlackElo "1737"]
[PlyCount "91"]
[EventDate "2017.10.21"]
[EventRounds "9"]
[EventCountry "RUS"]

1. d4 Nf6 2. Nf3 e6 3. Nbd2 b6 4. e4 Bb7 5. Bd3 d6 6. O-O Be7 7. Re1 O-O 8. c3
Nbd7 9. Qc2 h6 10. Nf1 c5 11. Ng3 Rc8 12. Qe2 Qc7 13. e5 Bxf3 14. gxf3 dxe5 15.
dxe5 c4 16. Bc2 Nd5 17. Nh5 Rfe8 18. Qe4 Nf8 19. Qg4 g6 20. Bxh6 Bd8 21. Rad1
b5 22. Kh1 Rb8 23. Rg1 Qxe5 24. f4 Qc7 25. Bxf8 Kxf8 26. Bxg6 fxg6 27. Qxg6 Qf7
28. Qh6+ Ke7 29. Rg7 Rf8 30. Rxf7+ Rxf7 31. Rg1 Bb6 32. Re1 Nc7 33. Qg5+ Kd7
34. Rd1+ Kc6 35. Qg2+ Nd5 36. Rxd5 exd5 37. Qg6+ Kb7 38. Qxf7+ Ka6 39. Qxd5 Bc7
40. Nf6 Bb6 41. Nd7 Re8 42. Nxb6 axb6 43. f5 Re1+ 44. Kg2 Re2 45. Kg3 Rxb2 46.
Qa8#  1-0

[Event "M.Chigorin Memorial 2017 "]
[Site "?????-?????????"]
[Date "2017.10.27"]
[Round "7"]
[Board "160"]
[White "Surovtseva, Alisa"]
[Black "Nikitin, Vladimir"]
[Result "0-1"]
[WhiteElo "1693"]
[BlackElo "1925"]
[PlyCount "100"]
[EventDate "2017.10.21"]
[EventRounds "9"]
[EventCountry "RUS"]

1. e4 g6 2. d4 Bg7 3. Nc3 d6 4. Be3 c6 5. Qd2 b5 6. Bd3 Qc7 7. Nf3 Bg4 8. h3
Bxf3 9. gxf3 a5 10. h4 Nd7 11. h5 Nb6 12. h6 Bf8 13. d5 b4 14. Ne2 Nf6 15. dxc6
e5 16. Bb5 Be7 17. Ng3 d5 18. Bg5 Nc4 19. Bxc4 dxc4 20. Bxf6 Bxf6 21. Qd7+ Qxd7
22. cxd7+ Kxd7 23. O-O-O+ Ke6 24. Rd5 Rhc8 25. Nf1 c3 26. Ne3 Bg5 27. Rhd1 Bxh6
28. Rd6+ Ke7 29. Rd7+ Kf8 30. Kb1 Bxe3 31. fxe3 cxb2 32. Kxb2 Rc3 33. R7d5 Rxe3
34. Rf1 a4 35. Rb5 h5 36. Rxb4 a3+ 37. Kb1 h4 38. Kc1 Re2 39. Kb1 h3 40. f4
exf4 41. e5 g5 42. Kc1 h2 43. Rd4 Rg2 44. Rdd1 Rc8 45. c4 Rxc4+ 46. Kb1 Rcc2
47. Rd8+ Kg7 48. Rb8 Rxa2 49. Rb7 Rab2+ 50. Rxb2 axb2  0-1

[Event "M.Chigorin Memorial 2017 "]
[Site "?????-?????????"]
[Date "2017.10.27"]
[Round "7"]
[Board "161"]
[White "Chagina, Ulyana"]
[Black "Kairbekova, Amina"]
[Result "0-1"]
[WhiteElo "1571"]
[BlackElo "1916"]
[PlyCount "84"]
[EventDate "2017.10.21"]
[EventRounds "9"]
[EventCountry "RUS"]

1. d4 Nf6 2. Nf3 c5 3. d5 b5 4. Bg5 Ne4 5. Nbd2 Nxg5 6. Nxg5 e6 7. Ndf3 Be7 8.
h4 h6 9. dxe6 dxe6 10. Qxd8+ Bxd8 11. Ne4 Be7 12. e3 a6 13. O-O-O O-O 14. Be2
Bb7 15. Nd6 Bc6 16. Ne5 Bd5 17. Ndxf7 Rxf7 18. Nxf7 Kxf7 19. f3 Nd7 20. g4 c4
21. e4 Bc6 22. Rhf1 Bxh4 23. f4 Nc5 24. e5 Ke7 25. f5 Bg5+ 26. Kb1 Ne4 27. Ka1
Ng3 28. Rd6 Nxf1 29. Rxc6 Ne3 30. Rxe6+ Kf7 31. Kb1 Rd8 32. Rd6 Rxd6 33. exd6
Kf6 34. Bf3 Ke5 35. d7 Kd6 36. Bb7 a5 37. d8=Q+ Bxd8 38. Kc1 Nxg4 39. Kd2 Bg5+
40. Ke2 Ne3 41. Be4 Ke5 42. Kf3 Nxf5  0-1

[Event "M.Chigorin Memorial 2017 "]
[Site "?????-?????????"]
[Date "2017.10.27"]
[Round "7"]
[Board "162"]
[White "Naryshkina, Irina"]
[Black "Efimenko, Aleksandr"]
[Result "0-1"]
[WhiteElo "1382"]
[BlackElo "1865"]
[PlyCount "84"]
[EventDate "2017.10.21"]
[EventRounds "9"]
[EventCountry "RUS"]

1. d4 d5 2. c4 e6 3. Nc3 c6 4. c5 Nf6 5. Nf3 Nbd7 6. Bf4 Be7 7. g3 Nf8 8. Bg2
Ng6 9. Bd2 O-O 10. O-O Qc7 11. b4 b6 12. Rc1 bxc5 13. bxc5 e5 14. Nxe5 Nxe5 15.
dxe5 Qxe5 16. e4 Nxe4 17. Nxe4 dxe4 18. Bf4 Qd5 19. Bxe4 Qxe4 20. Re1 Qf5 21.
Rxe7 Be6 22. Qc2 Qg4 23. Qd1 Qf5 24. Qc2 Qf6 25. Bd6 Bd5 26. f4 Rfe8 27. Rxe8+
Rxe8 28. Be5 Qh6 29. Qf2 Rxe5 30. Rb1 Re8 31. g4 Qg6 32. Rf1 Qxg4+ 33. Qg3
Qxg3+ 34. hxg3 Re2 35. Rb1 h5 36. Rb8+ Kh7 37. a4 Rg2+ 38. Kf1 Rxg3 39. Rb7 h4
40. Rb2 h3 41. Rh2 Bg2+ 42. Kf2 Ra3  0-1

[Event "M.Chigorin Memorial 2017 "]
[Site "?????-?????????"]
[Date "2017.10.27"]
[Round "7"]
[Board "163"]
[White "Khochinsky, Andrey"]
[Black "Shemakhanov, Danila"]
[Result "1/2-1/2"]
[WhiteElo "1803"]
[BlackElo "1542"]
[PlyCount "115"]
[EventDate "2017.10.21"]
[EventRounds "9"]
[EventCountry "RUS"]

1. d4 Nf6 2. c4 e6 3. Nc3 Bb4 4. e3 O-O 5. Bd3 c5 6. Nf3 d5 7. O-O Nc6 8. a3
Bxc3 9. bxc3 Qc7 10. Qc2 h6 11. e4 dxe4 12. Bxe4 Rd8 13. Be3 Ne7 14. Ne5 Nxe4
15. Qxe4 Bd7 16. d5 exd5 17. cxd5 Bf5 18. Qf4 Rxd5 19. Ng6 Qxf4 20. Nxf4 Re5
21. Rfd1 g5 22. Nd3 Bxd3 23. Rxd3 Nd5 24. Rad1 Nxe3 25. fxe3 Rae8 26. Kf2 b6
27. g4 c4 28. Rd4 Rxe3 29. Rxc4 Re2+ 30. Kg1 Re1+ 31. Rxe1 Rxe1+ 32. Kf2 Re5
33. Ra4 Re7 34. Rc4 b5 35. Rc5 a6 36. Kf3 Re6 37. c4 bxc4 38. Rxc4 Kg7 39. a4
Kf6 40. Rc5 Ke7 41. Rc7+ Ke8 42. h3 Rf6+ 43. Ke3 Rf4 44. a5 Ra4 45. Rc5 Ra3+
46. Ke4 Rxh3 47. Rc6 Rg3 48. Kf5 Rf3+ 49. Ke5 Rf4 50. Rxh6 Rxg4 51. Rxa6 Ra4
52. Ra8+ Kd7 53. Kf6 g4 54. Kxf7 g3 55. Ra7+ Kc6 56. Ra6+ Kb7 57. Rg6 Ra3 58.
a6+  1/2-1/2

[Event "M.Chigorin Memorial 2017 "]
[Site "?????-?????????"]
[Date "2017.10.27"]
[Round "7"]
[Board "164"]
[White "Ali, Ahad"]
[Black "Leonova, Ameliya"]
[Result "0-1"]
[WhiteElo "1356"]
[BlackElo "1798"]
[PlyCount "102"]
[EventDate "2017.10.21"]
[EventRounds "9"]
[EventCountry "RUS"]

1. Nf3 Nf6 2. d4 d5 3. Bf4 g6 4. e3 Bg7 5. Be2 O-O 6. h3 b6 7. Nbd2 c5 8. c3
Nc6 9. O-O Bb7 10. Ne5 Nd7 11. Ndf3 f6 12. Nxc6 Bxc6 13. Qc2 e5 14. dxe5 fxe5
15. Bg3 e4 16. Nd2 Ne5 17. Rad1 Qe7 18. c4 d4 19. exd4 cxd4 20. Bg4 Nxg4 21.
hxg4 e3 22. fxe3 dxe3 23. Nf3 e2 24. Bd6 exf1=Q+ 25. Kxf1 Qe3 26. Bxf8 Rxf8 27.
Re1 Qf4 28. Qb3 Bxf3 29. gxf3 Qxf3+ 30. Qxf3 Rxf3+ 31. Kg2 Rf4 32. b3 Rxg4+ 33.
Kf3 Rd4 34. Re7 Rd3+ 35. Ke2 Rg3 36. Rxa7 Bd4 37. b4 Rc3 38. Rc7 h5 39. a4 h4
40. c5 bxc5 41. b5 c4 42. a5 h3 43. b6 Bxb6 44. axb6 h2 45. b7 Rc2+ 46. Ke3 Rb2
47. Rxc4 h1=Q 48. Rc8+ Kg7 49. b8=Q Rxb8 50. Rxb8 Qh3+ 51. Ke4 Qf5+  0-1

[Event "M.Chigorin Memorial 2017 "]
[Site "?????-?????????"]
[Date "2017.10.27"]
[Round "7"]
[Board "165"]
[White "Shakhmatov, Roman"]
[Black "Aslanov, Umid"]
[Result "1-0"]
[WhiteElo "1787"]
[BlackElo "1520"]
[PlyCount "81"]
[EventDate "2017.10.21"]
[EventRounds "9"]
[EventCountry "RUS"]

1. e4 c5 2. c3 Nf6 3. e5 Nd5 4. Nf3 Nc6 5. Bc4 Nb6 6. Be2 d6 7. exd6 Qxd6 8. d4
cxd4 9. cxd4 g6 10. Nc3 Bg7 11. Nb5 Qd8 12. Bf4 Nd5 13. Bg5 O-O 14. Qd2 a6 15.
Nc3 Be6 16. O-O Nxc3 17. bxc3 Bd5 18. Bh6 Qd6 19. Rfd1 Rfd8 20. Bxg7 Kxg7 21.
Qe3 b5 22. a4 bxa4 23. c4 Bxf3 24. Bxf3 Rac8 25. c5 Qd7 26. d5 Nb8 27. Qd4+ Kg8
28. h3 Qc7 29. Rdc1 Nd7 30. Rxa4 Ne5 31. Be2 e6 32. d6 Rxd6 33. cxd6 Qxc1+ 34.
Kh2 Qc5 35. d7 Nxd7 36. Qxd7 Qe5+ 37. f4 Qc3 38. Bxa6 Rc7 39. Qd8+ Kg7 40. Bb5
Rc5 41. Ra8  1-0

[Event "M.Chigorin Memorial 2017 "]
[Site "?????-?????????"]
[Date "2017.10.27"]
[Round "7"]
[Board "166"]
[White "Kuizhev, Adam"]
[Black "Golovanskikh, Dmitriy"]
[Result "1/2-1/2"]
[WhiteElo "1911"]
[BlackElo "1471"]
[PlyCount "73"]
[EventDate "2017.10.21"]
[EventRounds "9"]
[EventCountry "RUS"]

1. e4 c5 2. Nf3 d6 3. d4 cxd4 4. Nxd4 Nf6 5. Nc3 a6 6. Nb3 e6 7. Be3 Be7 8. g4
Nc6 9. Be2 b5 10. a3 Bb7 11. g5 Nd7 12. Qd2 Nb6 13. Nd4 d5 14. Nxc6 Bxc6 15.
Qd4 Nc4 16. Bxc4 dxc4 17. Qxg7 Rf8 18. Rd1 Qa5 19. Ke2 b4 20. axb4 Qxb4 21. Rb1
a5 22. Qxh7 a4 23. Qg7 a3 24. bxa3 Qxa3 25. Ra1 Qb2 26. Rxa8+ Bxa8 27. Kd2 Bb4
28. f3 f6 29. Bd4 e5 30. Bxe5 fxe5 31. Qxe5+ Kd7 32. Rd1 Kc8 33. Qe6+ Kb8 34.
Qe5+ Kc8 35. Qe6+ Kb8 36. Qe5+ Kc8 37. Qe6+  1/2-1/2

[Event "M.Chigorin Memorial 2017 "]
[Site "?????-?????????"]
[Date "2017.10.27"]
[Round "7"]
[Board "167"]
[White "Babotin, Nikita"]
[Black "Razumovskiy, Mikhail"]
[Result "0-1"]
[WhiteElo "1530"]
[BlackElo "1908"]
[PlyCount "94"]
[EventDate "2017.10.21"]
[EventRounds "9"]
[EventCountry "RUS"]

1. e4 c5 2. Nf3 Nc6 3. d4 cxd4 4. Nxd4 Nf6 5. Nc3 e5 6. Ndb5 d6 7. Bg5 a6 8.
Na3 b5 9. Nd5 Be7 10. Nxe7 Nxe7 11. f3 Be6 12. Qd2 d5 13. O-O-O dxe4 14. Qxd8+
Rxd8 15. Rxd8+ Kxd8 16. Bxf6 gxf6 17. fxe4 f5 18. exf5 Nxf5 19. Bd3 Nd6 20. Re1
f6 21. b3 Ke7 22. Nb1 h5 23. Nd2 h4 24. Ne4 Nxe4 25. Bxe4 a5 26. Re3 b4 27. c4
a4 28. Rd3 f5 29. Bc6 axb3 30. axb3 e4 31. Rd2 Kf6 32. Kd1 Ke5 33. Ke1 Rg8 34.
Kf1 f4 35. Re2 e3 36. Rc2 Bf5 37. Rc1 Rd8 38. Bd5 Kd4 39. Ke2 Bd3+ 40. Kf3 e2
41. Kf2 Re8 42. Bf3 Re5 43. Ke1 h3 44. g3 fxg3 45. hxg3 Ke3 46. Bh1 Be4 47.
Bxe4 Rxe4  0-1

[Event "M.Chigorin Memorial 2017 "]
[Site "?????-?????????"]
[Date "2017.10.27"]
[Round "7"]
[Board "168"]
[White "Rubtsov, Aleksandr"]
[Black "Kudin, Alexander"]
[Result "1-0"]
[WhiteElo "1895"]
[BlackElo "1520"]
[PlyCount "77"]
[EventDate "2017.10.21"]
[EventRounds "9"]
[EventCountry "RUS"]

1. e4 e5 2. Nf3 Nc6 3. Bb5 a6 4. Ba4 d6 5. c3 Bg4 6. h3 Bh5 7. O-O Nf6 8. d3
Be7 9. Be3 O-O 10. Nbd2 b5 11. Bc2 d5 12. Re1 dxe4 13. dxe4 Bg6 14. Bg5 h6 15.
Bxf6 Bxf6 16. Qe2 Be7 17. Red1 Bd6 18. b4 Qe7 19. a4 Na7 20. Bb3 c6 21. Nf1
bxa4 22. Rxa4 Nb5 23. Rd3 c5 24. Bd5 Ra7 25. c4 Nd4 26. Nxd4 exd4 27. bxc5 Bxc5
28. Nd2 Rb8 29. Nb3 Bd6 30. Qg4 Kh7 31. g3 h5 32. Qd1 Bxe4 33. Bxe4+ Qxe4 34.
Rxd4 Qc6 35. Na5 Qc5 36. Rxd6 Rb2 37. Qd4 Rb1+ 38. Kg2 Qg5 39. Qd3+  1-0

[Event "M.Chigorin Memorial 2017 "]
[Site "?????-?????????"]
[Date "2017.10.27"]
[Round "7"]
[Board "169"]
[White "Bugaev, Anton"]
[Black "Sakalli, Selcuk Orkun"]
[Result "0-1"]
[WhiteElo "1503"]
[BlackElo "1699"]
[PlyCount "90"]
[EventDate "2017.10.21"]
[EventRounds "9"]
[EventCountry "RUS"]

1. d4 Nf6 2. Nf3 g6 3. c4 Bg7 4. g3 O-O 5. Bg2 d5 6. cxd5 Nxd5 7. e4 Nb6 8. O-O
Bg4 9. Be3 Nc6 10. e5 Nc4 11. Qc2 Nxe3 12. fxe3 Bh6 13. Qc3 a5 14. a3 Qd7 15.
Nfd2 Bh3 16. Bxh3 Qxh3 17. Ne4 Nb4 18. Qb3 Na6 19. Nbd2 a4 20. Qc3 c6 21. Nf2
Qe6 22. Rfe1 Nc7 23. Qc4 Nd5 24. Nf1 Qd7 25. e4 Nc7 26. Rad1 Ra5 27. Ne3 Rb5
28. Nd3 Ne6 29. Nb4 Ng5 30. Qe2 f6 31. Ng4 Bg7 32. exf6 Bxf6 33. e5 Bg7 34. Rf1
Rxf1+ 35. Rxf1 Qxd4+ 36. Kh1 h5 37. Rf4 Qd7 38. Qc4+ Kh7 39. h4 Nh3 40. Rd4 Qf5
41. Nh2 Rxe5 42. Kg2 Qf2+ 43. Kxh3 Re2 44. Qxe2 Qxe2 45. Rd3 c5  0-1

[Event "M.Chigorin Memorial 2017 "]
[Site "?????-?????????"]
[Date "2017.10.27"]
[Round "7"]
[Board "170"]
[White "Makeev, Konstantin"]
[Black "Biyachuev, Minkail"]
[Result "1/2-1/2"]
[WhiteElo "1688"]
[BlackElo "1475"]
[PlyCount "101"]
[EventDate "2017.10.21"]
[EventRounds "9"]
[EventCountry "RUS"]

1. e4 e5 2. Bc4 Nf6 3. d4 exd4 4. Nf3 Nc6 5. O-O Be7 6. Nxd4 Ne5 7. Bb3 Bc5 8.
Nc3 h6 9. h3 Bxd4 10. Qxd4 d6 11. Bf4 Nc6 12. Qe3 O-O 13. Nd5 Be6 14. Rfe1 Ne5
15. Bh2 Nxd5 16. exd5 Bd7 17. Bxe5 Re8 18. Qg3 dxe5 19. Rxe5 Qf6 20. Rae1 Qd6
21. Rxe8+ Rxe8 22. Rxe8+ Bxe8 23. Qe3 Bd7 24. Qxa7 b6 25. Qb8+ Kh7 26. Qd8 Bf5
27. Qxd6 cxd6 28. f3 h5 29. Kf2 g5 30. g4 hxg4 31. hxg4 Bd7 32. Ke3 Kg6 33. c4
f5 34. Bc2 Kf6 35. Bxf5 Bxf5 36. gxf5 Kxf5 37. b4 Ke5 38. a4 Kf6 39. Ke4 Kg6
40. a5 g4 41. fxg4 bxa5 42. bxa5 Kg5 43. a6 Kxg4 44. a7 Kg5 45. a8=Q Kf6 46.
Qf8+ Kg6 47. Kf4 Kh7 48. Qf6 Kg8 49. Kg5 Kh7 50. Qf7+ Kh8 51. Kf6  1/2-1/2

[Event "M.Chigorin Memorial 2017 "]
[Site "?????-?????????"]
[Date "2017.10.27"]
[Round "7"]
[Board "171"]
[White "Pitkanen, Juhani"]
[Black "Khalilov, Emin"]
[Result "0-1"]
[WhiteElo "1657"]
[BlackElo "1470"]
[PlyCount "80"]
[EventDate "2017.10.21"]
[EventRounds "9"]
[EventCountry "RUS"]

1. d4 Nf6 2. Bf4 e6 3. e3 d5 4. Nf3 c5 5. Nbd2 Nc6 6. c3 Bd6 7. Bg3 O-O 8. Bd3
h6 9. Qe2 Qe7 10. Rd1 cxd4 11. exd4 Qc7 12. O-O Re8 13. Ne5 Nd7 14. f4 f5 15.
Ndf3 Nf6 16. h3 Ne4 17. Bh2 Be7 18. Ng6 Bf6 19. Nfe5 Bxe5 20. Nxe5 Rf8 21. Rf3
Nxe5 22. dxe5 b6 23. Rff1 a5 24. Rc1 Bb7 25. c4 d4 26. Qd1 Rad8 27. g4 Qc6 28.
Qf3 Qc7 29. Qe2 Nc5 30. Kf2 Qc6 31. Ke1 Qa4 32. b3 Qb4+ 33. Kd1 Be4 34. Bxe4
Nxe4 35. Qd3 Nc3+ 36. Kc2 Qa3 37. Ra1 b5 38. Kd2 bxc4 39. Qxc4 Qb2+ 40. Kd3
Qe2#  0-1

[Event "M.Chigorin Memorial 2017 "]
[Site "?????-?????????"]
[Date "2017.10.27"]
[Round "7"]
[Board "172"]
[White "Timofeev, Vsevolod"]
[Black "Ageeva, Vasilisa"]
[Result "1-0"]
[WhiteElo "1479"]
[BlackElo "1649"]
[PlyCount "83"]
[EventDate "2017.10.21"]
[EventRounds "9"]
[EventCountry "RUS"]

1. e4 g6 2. d4 Bg7 3. Nc3 d6 4. f4 a6 5. a4 b6 6. Nf3 Bb7 7. Be2 Nd7 8. O-O c5
9. d5 Qc7 10. Be3 Ngf6 11. Qd3 O-O 12. Nd1 Rac8 13. c4 Ng4 14. Bc1 Rce8 15. Nc3
Ngf6 16. f5 Ng4 17. Ng5 Bd4+ 18. Kh1 Nf2+ 19. Rxf2 Bxf2 20. Qh3 Nf6 21. fxg6
Bc8 22. gxf7+ Rxf7 23. Qf3 Rg7 24. Qxf2 Ng4 25. Qh4 Ne5 26. Nf3 Ng6 27. Qe1 Bd7
28. Be3 Qc8 29. Qf2 Rf7 30. Qg3 Kh8 31. Ng5 Rg7 32. Qf2 Rf8 33. Nf3 Ne5 34. Bh6
Rg6 35. Bxf8 Qxf8 36. h3 Rh6 37. Rf1 Bxh3 38. gxh3 Rxh3+ 39. Nh2 Qh6 40. Qf8+
Qxf8 41. Rxf8+ Kg7 42. Rf2  1-0

[Event "M.Chigorin Memorial 2017 "]
[Site "?????-?????????"]
[Date "2017.10.27"]
[Round "7"]
[Board "173"]
[White "Pradeep, Pandya"]
[Black "Oskin, Iakov"]
[Result "1-0"]
[WhiteElo "1571"]
[BlackElo "1410"]
[PlyCount "113"]
[EventDate "2017.10.21"]
[EventRounds "9"]
[EventCountry "RUS"]

1. Nf3 Nf6 2. g3 g6 3. Bg2 Bg7 4. O-O c6 5. c4 d5 6. d4 e6 7. Nc3 O-O 8. Bg5
Nbd7 9. e4 h6 10. Bxf6 Nxf6 11. e5 Ne8 12. c5 Nc7 13. Qc2 Kh7 14. Nh4 Rg8 15.
f4 Bf8 16. b4 Bd7 17. a4 b6 18. Rac1 bxc5 19. bxc5 a5 20. Nd1 Na6 21. Nf2 Nb4
22. Qd2 Be7 23. Nf3 Rb8 24. Ng4 h5 25. Ne3 Bc8 26. h4 Ba6 27. Rfd1 Qc7 28. Bf1
Bxf1 29. Rxf1 Rb7 30. Qe2 Rgb8 31. Rf2 Ra8 32. Rcf1 Rg8 33. Ng5+ Kg7 34. g4
hxg4 35. Qxg4 Rh8 36. Rf3 Na6 37. f5 Bxg5 38. Qxg5 Qd8 39. f6+ Kf8 40. Ng4 Rb4
41. Nh6 Rxd4 42. h5 Nxc5 43. hxg6 fxg6 44. Qxg6 Qc7 45. f7 Rg4+ 46. Nxg4 Ne4
47. Qxe6 Qb6+ 48. Ne3 Qb8 49. Qxc6 Nd2 50. Qc5+ Kg7 51. Rg3+ Kh6 52. f8=Q+ Rxf8
53. Qxf8+ Qxf8 54. Rxf8 Nf3+ 55. Rfxf3 d4 56. Nf5+ Kh5 57. Rf4  1-0

[Event "M.Chigorin Memorial 2017 "]
[Site "?????-?????????"]
[Date "2017.10.27"]
[Round "7"]
[Board "174"]
[White "Uspenskaya, Ksenia"]
[Black "Popova, Polina"]
[Result "1/2-1/2"]
[WhiteElo "1073"]
[BlackElo "1560"]
[PlyCount "20"]
[EventDate "2017.10.21"]
[EventRounds "9"]
[EventCountry "RUS"]

1. d4 Nf6 2. c4 e6 3. Bf4 Bb4+ 4. Nd2 O-O 5. e3 d5 6. Ngf3 Nc6 7. c5 b6 8. Rc1
bxc5 9. dxc5 Re8 10. Bb5 Bb7  1/2-1/2

[Event "M.Chigorin Memorial 2017 "]
[Site "?????-?????????"]
[Date "2017.10.27"]
[Round "7"]
[Board "175"]
[White "Pogorelov, Boris"]
[Black "Mustafazade, Fikrat"]
[Result "0-1"]
[WhiteElo "1484"]
[BlackElo "1466"]
[PlyCount "28"]
[EventDate "2017.10.21"]
[EventRounds "9"]
[EventCountry "RUS"]

1. e4 Nf6 2. e5 Nd5 3. d4 d6 4. Nf3 Bg4 5. Be2 e6 6. h3 Bh5 7. O-O Be7 8. c4
Nb6 9. Nc3 O-O 10. Be3 Nc6 11. exd6 cxd6 12. b3 Bf6 13. Rc1 d5 14. c5 Nc8  0-1